000 00558nam a2200241Ia 4500
008 210210b1998 xxu||||| |||| 00| 0 eng d
082 _a820.301 ANTC
100 _aANTHERJANAM (Lalithambika)
245 _aCast me out if you will: stories and memoir
260 _aCalcutta.
_bStree.,
_c1998
300 _axxxii,188
650 _ayou
650 _awill:
650 _astories
650 _aout
650 _amemoir
650 _ame
650 _aif
650 _aCast
650 _aand
690 _aIndian English Fiction
906 _a054104
999 _c101959
_d101959